• 首页
  • 本馆介绍
  • 公告通知
  • 最新文献
  • 馆藏检索
  • 电子资源
  • 读者导购
  • 参考咨询
  • 我的图书馆
  • 登录
  • 详细信息显示
  • 放入我的书架
  • 预约/预借图书
  • 作者相关作品
  • 分类相关作品
  • 丛书相关作品
  • 出版社相关作品

书目信息

  • 表格格式
  • 工作单格式
  • 卡片格式
题名:
曾国藩治学方法
    
 
作者: 胡哲敷 著
分册:  
出版信息: 济南   泰山出版社  2022
页数: 238页
开本: 23cm
丛书名:
单 册:
中图分类: G795
科图分类:
主题词:
电子资源:
ISBN: 978-7-5519-0679-1
000 00677nam0 2200217 450
001 2348043801
005 20231205132052.58
010    @a978-7-5519-0679-1@dCNY48.00
100    @a20220610d2022 em y0chiy50 ea
101 0  @achi
102    @aCN@b370000
105    @ay z 000yy
200 1  @a曾国藩治学方法@Azeng guo fan zhi xue fang fa@f胡哲敷著
210    @a济南@c泰山出版社@d2022
215    @a238页@d23cm
330    @a本书是一部精神的冶炼志,有关人生的各个方面。全书共分四编,内容包括:总论、修养、治事、读书等。
600  0 @a曾国藩@f(1811-1872)@x治学方法
690    @aG795@v5
701  0 @a胡哲敷@Ahu zhe fu@4著
801  0 @aCN@b91MARC@c20220724
905    @aZUCC@dG795@e6
    
    曾国藩治学方法/胡哲敷著.-济南:泰山出版社,2022
    238页;23cm
    
    
    ISBN 978-7-5519-0679-1:CNY48.00
    本书是一部精神的冶炼志,有关人生的各个方面。全书共分四编,内容包括:总论、修养、治事、读书等。
●
相关链接 在五车中查询图书 在当当中查询图书 在豆瓣中查询图书


正题名:曾国藩治学方法     索取号:G795/6         预约/预借

序号 登录号 条形码 馆藏地/架位号 状态 备注
1 2001266221   2001266221   辽宁北方(第一批)/辽宁北方(第一批)/297/ [索取号:G795/6] 在馆    
2 2001266222   2001266222   辽宁北方(第一批)/辽宁北方(第一批)/297/ [索取号:G795/6] 在馆    
3 2001266223   2001266223   辽宁北方(第一批)/辽宁北方(第一批)/297/ [索取号:G795/6] 在馆    
4 2001266224   2001266224   辽宁北方(第一批)/辽宁北方(第一批)/297/ [索取号:G795/6] 在馆    
5 2001266225   2001266225   辽宁北方(第一批)/辽宁北方(第一批)/297/ [索取号:G795/6] 在馆    
6 2001266226   2001266226   辽宁北方(第一批)/辽宁北方(第一批)/297/ [索取号:G795/6] 在馆    
山东省滨州职业学院图书馆 欢迎您!
大连网信软件有限公司© 版权所有